000 00634nam a2200205Ia 4500
003 OSt
005 20200123131203.0
008 190216s9999||||xx |||||||||||||| ||und||
015 _2978
020 _a9780198066217
020 _a019806621X
040 _coclc
082 _a651.7
_bMIT/P
100 1 _aMitra, Barun K.
_91473
245 0 _aPersonality Development And Soft Skills /
_cBarun K Mitra
260 _bOxford University Press
_c2012
_aNew Delhi:
300 _a258p
650 _vBusiness communication
_xBusiness writing , Interpersonal communication
942 _cBK
_2ddc
_h651.7
_iMIT/P
_k651.7
_mMIT/P
999 _c7870
_d7870